Production engineering: jig and tool design (Record no. 54893)

MARC details
000 -LEADER
fixed length control field 00752nam a2200217 a 4500
008 - FIXED-LENGTH DATA ELEMENTS--GENERAL INFORMATION
fixed length control field 120416s1972 ||||||||||||||||| || u
020 ## - INTERNATIONAL STANDARD BOOK NUMBER
International Standard Book Number 0408000783
020 ## - INTERNATIONAL STANDARD BOOK NUMBER
International Standard Book Number 0408000791
050 ## - LIBRARY OF CONGRESS CALL NUMBER
Classification number TJ 1187 Jon
100 ## - MAIN ENTRY--PERSONAL NAME
Personal name Jones, Ernest James Henry
245 10 - TITLE STATEMENT
Title Production engineering: jig and tool design
250 ## - EDITION STATEMENT
Edition statement 8th ed.
260 ## - PUBLICATION, DISTRIBUTION, ETC.
Place of publication, distribution, etc. London:
Name of publisher, distributor, etc. Newnes-Butterworths
Date of publication, distribution, etc. 1972
300 ## - PHYSICAL DESCRIPTION
Extent x, 289p.: ill.
350 ## - PRICE (NR) (BK AM CF MU VM SE) [OBSOLETE]
Price 0.00
650 ## - SUBJECT ADDED ENTRY--TOPICAL TERM
Topical term or geographic name entry element JIGS AND FIXTURES--DESIGN AND CONSTRUCTION
650 ## - SUBJECT ADDED ENTRY--TOPICAL TERM
Topical term or geographic name entry element MACHINE TOOLS--DESIGN
650 ## - SUBJECT ADDED ENTRY--TOPICAL TERM
Topical term or geographic name entry element PRODUCTION ENGINEERING
700 ## - ADDED ENTRY--PERSONAL NAME
Personal name Town, Harold Clifford
995 ## - RECOMMENDATION 995 [LOCAL, UNIMARC FRANCE]
-- 0.00
-- CBU-MAIN LIBRARY (Kitwe)
-- 1
-- 6.25
-- AVAILABLE
-- Main Library Open Access Collection
Holdings
Withdrawn status Lost status Source of classification or shelving scheme Damaged status Not for loan Home library Current library Shelving location Date acquired Total Checkouts Full call number Barcode Date last seen Price effective from Koha item type
          CBU-MAIN LIBRARY, KITWE. CBU-MAIN LIBRARY, KITWE.   11/30/2022   TJ 1187 Jon 015428 11/30/2022 11/30/2022 MONOGRAPH